banner-ar

مقدمة فى الخدمة الاجتماعية : (Record no. 66668)

MARC details
000 -الفاتح
حقل البيانات ثابتة الطول 00957nam a22002177a 4500
005 - وقت وتاريخ اخر تعامل مع التسجيلة
رقم الضبط 20240530110932.0
008 - عناصر البيانات ثابتة الطول - معلومات عامة
حقل البيانات ثابتة الطول 160518s2002 xxu f b 000 0 ara d
040 ## - مصدر الفهرسة
وكالة الفهرسة الأصلية EG-CaGPL
082 04 - رقم تصنيف ديوى العشرى
رقم الطبعة 21
رقم التصنيف 361 \
رقم المادة م م
100 0# - المدخل الرئيسى - إسم شخصى
الإسم الشخصى ماهر ابو المعاطى على
245 10 - بيان العنوان
العنوان مقدمة فى الخدمة الاجتماعية :
بقية العنوان مع نماذج تعليم وممارسة المهنة فى الدول العربية /
بيان المسئوليه,etc ماهر ابو المعاطى على
250 ## - بيان الطبعة
بيان الطبعة ط. 1
260 ## - PUBLICATION, DISTRIBUTION, ETC. (IMPRINT)
تاريخ النشر أو التوزيع 2002
300 ## - الوصف المادى
التعداد 422 ص. ؛
أبعاد الوعاء 24 سم .
490 ## - بيان السلسلة
عنوان السلسلة سلسلة مجالات وطرق الخدمة الاجتماعية
رقم المجلد/ التعيين التسلسلي ( 17 )
650 04 - المدخل الاضافى بالموضوع-مصطلح موضوعى
مصطلح موضوعي مجالات الخدمة الاجتماعية
مصدر الرأس أو المصطلح qrmak
650 04 - المدخل الاضافى بالموضوع-مصطلح موضوعى
مصطلح موضوعي التخطيط
التقسيم الفرعي العام الخدمة الاجتماعية
مصدر الرأس أو المصطلح qrmak
650 04 - المدخل الاضافى بالموضوع-مصطلح موضوعى
مصطلح موضوعي العمل الجماعى
مصدر الرأس أو المصطلح qrmak
942 ## - عناصر المدخل الإضافي( كوها)
مصدر التصنيف او مخطط الترفيف Dewey Decimal Classification
Koha [default] item type كتاب
260 ## - PUBLICATION, DISTRIBUTION, ETC. (IMPRINT)
-- القاهرة :
-- مكتبة النهضة المصرية ،
Holdings
حالة التراجع حالة الفقد حالة تلف ليس للاعارة المكان المؤقت الموقع الحالى موقع الترفيف تاريخ الاكتساب اجمالي اﻻعارات رقم الطلب الباركود تاريخ اخر مشاهدة تاريخ تفعيل السعر نوع وعاء كوها
        مكتبة القاهرة الكبرى مكتبة القاهرة الكبرى ق الرئيسية_العلوم الاجتماعية_ك عربى 09/08/2022   361 \ م م 168404 09/08/2022 09/08/2022 كتاب

Powered By

EGPV